00703nam a2200181 a 450000100100000000500170001000800410002704000250006808200110009324501030010424600190020726000480022630000210027450000730029559000260036895201100039499900170050400004908620201002061637.0090929s20uu dr 000 0 spa d aDO-SdBNPbspacBNPHU axxbxx10aNueva ley municipal :bLey no. 176-07 del Distrito Nacional y los municipios, otras legislaciones.13aLey no. 176-07 aSanto Domingo :bEditora Dalís,c[200-?]. a164 p. ;c23 cm. aIncluye referencias bibliográficas y notas al pie de las páginas aInventariado, 2019/VM 00107-18PDaPDbPDcOId2019-07-18iLF1l0oxx xxp49087-10r2020-06-25w2020-06-25yLFPDZNo se presta c48574d48574